Cosmetic Technology (Record no. 8528)

MARC details
000 -LEADER
fixed length control field 00319nam a22001217a 4500
008 - FIXED-LENGTH DATA ELEMENTS--GENERAL INFORMATION
fixed length control field 200316b ||||| |||| 00| 0 eng d
100 ## - MAIN ENTRY--PERSONAL NAME
Personal name Nanda, Sanju
245 ## - TITLE STATEMENT
Title Cosmetic Technology
250 ## - EDITION STATEMENT
Edition statement Reprint 2019
260 ## - PUBLICATION, DISTRIBUTION, ETC. (IMPRINT)
Place of publication, distribution, etc Delhi
Name of publisher, distributor, etc Birla Publications
650 ## - SUBJECT ADDED ENTRY--TOPICAL TERM
Topical term or geographic name as entry element Pharmaceutical Dosage form /Cosmetic
942 ## - ADDED ENTRY ELEMENTS (KOHA)
Source of classification or shelving scheme Dewey Decimal Classification
Koha item type Text Books
Holdings
Withdrawn status Lost status Source of classification or shelving scheme Damaged status Not for loan Collection code Home library Current library Date acquired Source of acquisition Currency Cost, normal purchase price Bill Number Total Checkouts Full call number Acc. no. / Barcode Date last seen Copy number Actual Cost, discounted price Bill Date Koha item type Uniform Resource Identifier
    Dewey Decimal Classification     B.Pharma PIET C-LIBRARY PIET C-LIBRARY 06/01/2020 Kirti Prakashan IN Rupees 650.00 IN5972   668.55 NAC BP66 16/03/2020 1 435.50 06/01/2020 Text Books  
    Dewey Decimal Classification     B.Pharma PIET C-LIBRARY PIET C-LIBRARY 06/01/2020 Kirti Prakashan IN Rupees 650.00 IN5972   668.55 NAC BP67 16/03/2020 2 435.50 06/01/2020 Reference Books 668.55 NAC
    Dewey Decimal Classification     B.Pharma PIET C-LIBRARY PIET C-LIBRARY 06/01/2020 Kirti Prakashan IN Rupees 650.00 IN5972   668.55 NAC BP68 16/03/2020 3 435.50 06/01/2020 Text Books  

Design & Developed by: PIET Central Library
R70 Miles Stone Pattikalyana Samalkha Panipat 132102
mail ID :- [email protected], Phone No:- 0180-2569700 Ex.216